The 108 Stars of Destiny of Suikoden IV (Video Game) - Statistics

General Stats
  • This quiz has been taken 38 times
  • The average score is 46 of 108
Answer Stats
No. Character Clue % Correct
39 Jeane Immortal runemistress known for her stunning beauty who appears in all games, often scantily clad.
90%
96 Snowe Vingerhut The best friend of the player character. Following shady events, he and his father surrender Razril to the Kooluk.
86%
48 Kika This swordswoman is practically the Queen of the Pirates. Highly respected and revered, she plays a central role in things.
81%
50 Lazlo The player character for the game. A teenager enlisted to the Razril forces at the start of the game.
81%
16 Chiepoo This Nay-kobold asipres to be the world's greatest merchant. Is famous in his home town for having left to do so.
76%
56 Lino en Kuldes The King of Obel, though you wouldn't say so when you first meet him. Father of #24.
76%
100 Ted Hey look, it's our buddy from Suiko 1! He's sailing around on the Fog Ship when encountered, Soul Eater Rune and all.
76%
105 Viki Clumsy magician who bears the Blinking Rune of teleportation. She has appeared in all main Suiko games.
76%
20 Elenor Silverberg The game's tactician. An ancestor to S1/2/3's famed family of tacticians. She lives the life of a hermit when found.
71%
46 Keneth Another Knight of Gaien friend of the player. He's the calm, measured one with the brown manbun.
71%
91 Schtolteheim Reinbach III Many a character has assumed his legendary name in the other Suiko games.
71%
24 Flare Princess of Obel and daughter of #56. Plays a major part in ending the occupation of Obel while held behind enemy lines.
67%
41 Jewel One of the player's four friends from the Knights of Gaien. She's the one with the short, white hair and plucky attitude.
67%
80 Paula The third Gaien Knight friend of the player. She's the red-haired elf dressed all in green.
62%
98 Tal The fourth Knight of Gaien friend. He's the big, strong one with the short, brown hair.
62%
66 Mitsuba A woman with a big sword who runs a scheme with #87. Gets caught by the player and joins up with him.
57%
90 Rita A girl in colourful clothes who runs a tile game named after herself.
57%
12 Cedric A teenager with a chronic habit of pulling the ol' dine-and-dash. Hiding from #84 when found by the player.
52%
17 Dario The right-hand pirate to #48. Raising #70 as his own. Attacks the player for mistakenly thinking they're poaching mermaids.
52%
26 Funghi This kid with a mushroom haircut is a cook aboard the ship. Joins after you liberate Obel.
52%
35 Hervey Along with #95, he's one of the right hand men of #48. He's the more ruggedly handsome of the two.
52%
43 Katarina Cott The former Vice-Commander of the Knights of Razril. After Kooluk invaded, she was abandoned at sea until #48 finds her.
52%
71 Nao Twin brother of #62. He grows mint, the other grows mushrooms. Are we sure it's mint he grows?
52%
87 Reinhold He dupes people into thinking #66 beats him up, then challenges people to fight him. The player uncovers their scheme.
52%
6 Axel A swordsman from Na-Nal sent by his father to aid in the war with the Kooluk. Long, white hair, swings a broadsword.
48%
7 Bang A sleepy-looking old man with a loud name. Runs the lottery game on the ship.
48%
9 Basil This kid from Razril operates the spinning tops game on the ship.
48%
15 Charlemagne A fencing-style swordsman with aristocratic flair and a heart of gold. Becomes good friends with #91.
48%
21 Ema The kindly wife of #28. The two are looking for a place to settle down when they get caught up in war.
48%
25 Frederica An archer from Scarlet Moon investigating the Cray's for war crimes. She joins the player to try and see that through.
48%
29 Gau Shares a name with Final Fantasy VI's wild child and Suiko 3's one-eyed Kobold. A wild man of Hermitage Island.
48%
33 Helga A strongwoman swinging two hatchets in battle. She causes so much havoc in a bar that #15 has to pay for it!
48%
34 Helmut A young officer of the Kooluk forces who, once defeated in Razril, joins the player.
48%
51 Lilan The youngest of the mermaid sisters.
48%
53 Lilin One of the mermaid sisters. She's the blond one you recruit first.
48%
54 Lilon The oldest mermaid sister. She's got light brown hair and green fins.
48%
62 Mao One half of the oddball twin brothers with #71. They just kinda show up in the depths of the ship and start cultivating.
48%
69 Nalkul This sly tabby Nay-Kobold partners with #14 in petty thievery. The brains of their operation.
48%
74 Noah A little human girl who wants to be a Nay-Kobold. She even wears cat ears and paw gloves. Runs the Fifty-One card game.
48%
92 Selma An elf of Na-Nal who sides with the player over her chief. She's banished for that and joins you as a result.
48%
95 Sigurd A former soldier of Middleport who now serves as one of the right hand men of #48, in tandem with #35.
48%
102 Travis A quiet loner with a red ponytail. This guy is a bit of a trickster and tries to avoid people fervently.
48%
106 Warlock The inventor of the rune cannons. He joins the player so he can try to right the wrong of making it in the first place.
48%
108 Yu The doctor of the ship. #11 is his nurse. Dressed head to heel in red.
48%
1 Adrienne The blacksmith for this game. She made the poorly timed choice to move to Obel just before the Kooluk invaded.
43%
2 Agnes The territorial, often rude, right-hand assistant to #20. Repels people from #20's vicinity, especially #99.
43%
3 Akaghi The male ninja who, along with #67, works directly for #86 under direction from the Crays. Has a tall, pointed hairstyle.
43%
4 Aldo A lost archer found on Hermitage Island who wants to get to know #103, as he feels they're both loners.
43%
8 Bartholomew He attacked a Kooluk ship and has been wanted by them ever since. A quiet man with a big spear.
43%
14 Champo A Nay-kobold with calico fur. Expert mouser. Partakes in petty thievery with #69 and gets in trouble.
43%
28 Gary The founding father of what would become the Maximillion knights. The pendant he wears even became their sigil.
43%
44 Kate A ninja from the same group as #67. Was a Cray employee, until they sent her to Iluya Island and fired a rune cannon at it.
43%
45 Keen An old assassin trying to kill #95. He puts that on hold during the war and operates a confessional/judging booth.
43%
52 Lilen A mermaid sister. She's the one with the sandy hair and dark blue fins.
43%
55 Liloon The last of the mermaid sisters you find. She's the one with the dark hair and orange fins.
43%
60 Louise The bartender on the ship. Actually the mother of #70, but doesn't want #70 to know it and gave him to #17 to raise.
43%
67 Mizuki A ninja in a tight, short, blue dress who works with #3 on behalf of #86. She also talks #44 into joining.
43%
73 Nico This young lad is the lookout on the ship. His abilities at this job are said to be strikingly good.
43%
85 Rakgi The young son of #89. Guides people to the ruins in Obel. His father had the rune of punishment at one time.
43%
11 Carrie The nurse to Dr. #108. He left her behind while she was out gathering herbs, but she found him later.
38%
18 Deborah The best friend of #77. She's a fortune teller who is so moved by the player's fortune that she joins his army.
38%
30 Gretchen A dedicated, disciplined swordswoman who enlists as a bodyguard to the player.
38%
40 Jeremy A quiet, reserved swordsman who gets tricked by the scheme being run by #66 and #87 and is trying to recoup losses.
38%
42 Karl A big, strong, bald, moustache-wearing martial artist who is always working out and trying to get stronger.
38%
49 Konrad A famed magic teacher. #43 was a student of his, and she drew him out of retirement during the war.
38%
63 Maxine An adept mage dressed entirely in dark red. She works for #86 and is sent to thwart the player early on.
38%
64 Micky The dutiful servant of #91. Writes a serial novel in the ships' newspaper in his spare time.
38%
70 Nalleo Raised as the son of #17, he's an aspiring pirate kid. Unknown to him, #60 is his mother.
38%
77 Oskar An incorrigible gossip and best friend of #18. He follows #18 to the ship and drinks tea with her.
38%
79 Pam The wife of #47. The pair manage much of the cooking on board the ship. Famous for her buns, cakes and tea.
38%
81 Pecola The interior decorator of the ship. Apparently she writes books about it.
38%
86 Ramada The ninjas at #3 and #67 work directly for him. Took on jobs for the Kooluk until he realized they were using him as a pawn.
38%
88 Rene This girl enjoys treasure hunting with divining rods. She seems pretty good at it.
38%
5 Ameria A swordswoman mercenary hired by Razril city to help protect them. Has short red hair and white short-shorts.
33%
10 Brec A filthy, portly pirate. He becomes known around the ship for his stench. Joins with #41.
33%
19 Desmond Initially just a liason for the player while visiting Obel, this guy gets the job of handling administrative duties later.
33%
37 Izak One of the few survivors of the Rune Cannon blast on Iluya Island. A strong warrior with a big sword out for vengeance.
33%
57 Lo Fong The sister of a trio of bandit siblings falsely operating the Mordo springs.
33%
58 Lo Hak The little brother of the bandit siblings. Does what he's told. Has close cut, blond hair.
33%
65 Millay Almost forced to marry #91, she runs away. #91 gets his father's men to back off and she joins the player as a bodyguard.
33%
78 Pablo A well-dressed mage researching the rune cannons. Their inventor, #106, won't tell him much, though.
33%
84 Rachel This red-headed woman brandishes a big spear, which she needs in the debt collecting biz. Chasing #12 presently.
33%
89 Rikie The mother of #85 and the wife of a fisherman who previously held the Rune of Punishment.
33%
93 Setsu This little fellow with the bushy moustache is the primary attendant to #24 and #56.
33%
99 Tanya A librarian primarily, but she's also an aspiring tactician and wanted to be #20's apprentice. She and #2 don't get along.
33%
103 Trishtan A hypocondriac who #108 medicates with flour as a placebo. He's a swordsman too, so #108 convinces you to recruit him.
33%
104 Ugetsu A world reknowned fisherman. He and #94 fish together on your ship. He's the hefty one of the two.
33%
22 Etienne Before SIV, this musician used to play for #91's family. Once reunited with him, he plays the game's soundtrack for you.
29%
23 Eugene A young lad training to be a spearfighter. His mother begs the player to take him into his army.
29%
38 Jango He and his best bud #10 just board the ship and offer their services in the war. A brute of a pirate with a short mohawk.
29%
59 Lo Seng The oldest brother of the bandit siblings. He's the brains behind it. Has long-ish dark hair.
29%
82 Perrault A newspaper reporter/publisher/novelist who joins the army.
29%
107 Wendel A girl with a typically male name. She wants to be a lookout person, like #73, but he mostly finds her annoying.
29%
13 Chadli An item store merchant. For some reason, he insists on wearing a steel helm at all times.
24%
36 Igor A gambler who happens to own the hot springs on Mordo Island. Runs the coin games on the ship.
24%
47 Kevin He and his wife, #79, operated a café on Illuya until the rune cannon happened. Now cooks for the player.
24%
76 Ornan A man wandering around looking for a woman he once danced with. #60 reminds him of her.
24%
94 Shiramine Him and his pal #104 handle the fishing on the ship. #104 even fished him up accidentally once. Whoops.
24%
31 Gunter This gambler operates the dice games aboard your ship.
19%
75 Oleg This inventor came up with the video camera in the Suiko world. Catches the destruction of Illuya with it.
19%
97 Taisuke This guy handles the bath for this game.
19%
101 Tov #56 hired this ship builder to work on a massive ship in secret, which becomes your HQ, so naturally, he's along for the ride.
19%
27 Gareth This grandfatherly looking fellow is the ship's sculptor.
14%
32 Haruto A navigator for #56 and a cartographer. Does the same for the player once recruited.
14%
61 Manu A posh man who builds and operates the elevator on the ship.
14%
72 Nataly This girl handles all window-related matters.
14%
83 Phil This long-haired fella is the ships' tailor. Apparently he's the best around at it.
14%
68 Nabokov This man is the game's appraiser.
10%
No matching quizzes found
Score Distribution
Percent of People with Each Score
Percentile by Number Answered
Your Score History
You have not taken this quiz